[Event "3rd ch-GER Internet Blitz Candidates"]
[Site "playchess INT"]
[Date "2005.04.02"]
[Round "5"]
[White "Enzmann, S."]
[Black "Junge, Ka"]
[Result "0-1"]
[WhiteElo "2204"]
[BlackElo "2256"]
[PlyCount "106"]
[EventDate "2005.04.02"]
[EventType "swiss (blitz)"]
[EventRounds "15"]
[Source "Mark Crowther"]
[SourceDate "2005.04.04"]

1. Nf3 Nf6 2. g3 g6 3. Bg2 Bg7 4. O-O O-O 5. d3 d5 6. c3 c5 7. Qa4 Nc6 8. Qh4
e5 9. Bg5 Qd6 10. Nbd2 e4 11. dxe4 Nxe4 12. Nxe4 dxe4 13. Bf4 Qe7 14. Qxe7 Nxe7
15. Ng5 f5 16. Bd6 Re8 17. Bxc5 h6 18. Nh3 g5 19. Rfd1 Be6 20. Rd6 Nc6 21. Rd2
Rad8 22. Rad1 Rxd2 23. Rxd2 Bxa2 24. Rd7 b6 25. Ba3 Be5 26. f3 Be6 27. Rd1 exf3
28. exf3 Na5 29. f4 Bf6 30. Re1 g4 31. Nf2 Bf7 32. Rxe8+ Bxe8 33. Nd3 Bf7 34.
Nb4 Nc4 35. Nd5 Kg7 36. Be7 Bxd5 37. Bxd5 Nxb2 38. Bb4 a5 39. Bd6 Bxc3 40. Kf1
Bd4 41. Ke2 a4 42. Ba3 Kf6 43. Kd2 b5 44. Kc2 Nc4 45. Bf8 h5 46. Kd3 Bg1 47.
Bxc4 bxc4+ 48. Kxc4 Bxh2 49. Bh6 Bxg3 50. Bg5+ Kg6 51. Kb4 h4 52. Kxa4 h3 53.
Be7 h2 0-1

[Event "3rd ch-GER Internet Blitz Candidates"]
[Site "playchess INT"]
[Date "2005.04.02"]
[Round "5"]
[White "Buchenthal, D."]
[Black "Rachut, S."]
[Result "1-0"]
[WhiteElo "2258"]
[BlackElo "2068"]
[PlyCount "93"]
[EventDate "2005.04.02"]
[EventType "swiss (blitz)"]
[EventRounds "15"]
[Source "Mark Crowther"]
[SourceDate "2005.04.04"]

1. e4 c5 2. Nf3 d6 3. d4 cxd4 4. Nxd4 Nf6 5. Nc3 a6 6. Bg5 e6 7. f4 Bd7 8. Qf3
Nc6 9. O-O-O Qb6 10. Nxc6 Bxc6 11. Bd3 O-O-O 12. Rhe1 Be7 13. Qh3 Kb8 14. e5
dxe5 15. fxe5 Nd5 16. Bxe7 Nxe7 17. Qg3 g6 18. Qf4 Rhf8 19. Kb1 Bxg2 20. Qg5
Nd5 21. Nxd5 Bxd5 22. Rf1 Qa5 23. b3 Bc6 24. Rf2 Qc3 25. Rxf7 Rxf7 26. Qxd8+
Ka7 27. Qd6 Rf2 28. Qxe6 Rxh2 29. Qd6 Rh5 30. e6 Qe5 31. Qb4 Qxe6 32. Qd4+ Kb8
33. Bc4 Qe7 34. Qb6 Rh1 35. Bf1 Bd7 36. Qd4 h5 37. Kb2 h4 38. Qf4+ Ka8 39. Qf2
h3 40. Re1 Qg7+ 41. c3 g5 42. Qg3 Bc6 43. Rd1 g4 44. Rd8+ Ka7 45. Qf2+ b6 46.
Rd6 Bb7 47. Qxb6+ 1-0

[Event "3rd ch-GER Internet Blitz Candidates"]
[Site "playchess INT"]
[Date "2005.04.02"]
[Round "5"]
[White "Lentrodt, T."]
[Black "Kopylov, M."]
[Result "0-1"]
[WhiteElo "2292"]
[BlackElo "2430"]
[PlyCount "98"]
[EventDate "2005.04.02"]
[EventType "swiss (blitz)"]
[EventRounds "15"]
[Source "Mark Crowther"]
[SourceDate "2005.04.04"]

1. d4 Nf6 2. c4 c5 3. d5 Ne4 4. Nd2 Qa5 5. f3 Nd6 6. e4 g6 7. Bd3 Bg7 8. Ne2 b5
9. O-O bxc4 10. Nxc4 Nxc4 11. Bxc4 Ba6 12. Qd3 O-O 13. Nc3 d6 14. Bd2 Bxc4 15.
Qxc4 Nd7 16. Rab1 Rfb8 17. f4 Rb4 18. Qe2 Qb6 19. b3 c4+ 20. Be3 Bd4 21. Rf3
cxb3 22. a3 Bxe3+ 23. Qxe3 Qxe3+ 24. Rxe3 Rb7 25. e5 Rc8 26. exd6 exd6 27. Kf2
Rc4 28. g3 Nc5 29. Kf3 a5 30. a4 Rcb4 31. Nb5 Nxa4 32. Nxd6 Rb8 33. Ne4 Kg7 34.
d6 f5 35. Nd2 Nc5 36. Rc3 R8b5 37. d7 Nxd7 38. Rbxb3 Nc5 39. Rxb4 axb4 40. Rc1
b3 41. Rb1 Kf6 42. Ke3 Ke6 43. Kd4 b2 44. Kc4 Ra5 45. Kb4 Nb7 46. Rxb2 Ra1 47.
Nc4 Rg1 48. Re2+ Kf6 49. Kb5 Nd8 0-1

[Event "3rd ch-GER Internet Blitz Candidates"]
[Site "playchess INT"]
[Date "2005.04.02"]
[Round "5"]
[White "Schunk, T1."]
[Black "Peschlow, P."]
[Result "0-1"]
[WhiteElo "2280"]
[BlackElo "2318"]
[PlyCount "114"]
[EventDate "2005.04.02"]
[EventType "swiss (blitz)"]
[EventRounds "15"]
[Source "Mark Crowther"]
[SourceDate "2005.04.04"]

1. e4 c5 2. Nf3 Nc6 3. Bb5 g6 4. O-O Bg7 5. c3 Nf6 6. Qe2 O-O 7. d4 d5 8. e5
Ne4 9. Nbd2 Bf5 10. Bxc6 bxc6 11. Nxe4 dxe4 12. Ng5 cxd4 13. Nxe4 dxc3 14. Rd1
Qc7 15. Nxc3 Qxe5 16. Qf3 Rad8 17. Bf4 Qc5 18. Rac1 Rxd1+ 19. Nxd1 Qd5 20. Qa3
e5 21. Be3 a5 22. Nc3 Qd8 23. Na4 Be4 24. Nb6 f5 25. Qxa5 f4 26. Bc5 Qg5 27. f3
Bxf3 28. Qd2 Rd8 29. Qf2 Bd5 30. a4 e4 31. Nxd5 Rxd5 32. h4 Qg4 33. a5 e3 34.
Qf3 Qxf3 35. gxf3 Bxb2 36. Rb1 Rxc5 37. Rxb2 Rxa5 38. Kf1 Ra1+ 39. Ke2 Rh1 40.
Rb8+ Kg7 41. Rb7+ Kh6 42. Rc7 Rxh4 43. Rxc6 Rh2+ 44. Kf1 Rf2+ 45. Ke1 Rxf3 46.
Rf6 Kg5 47. Rf8 h5 48. Ra8 Rf2 49. Ra5+ Kg4 50. Ra4 g5 51. Ra8 Kf3 52. Ra5 g4
53. Rf5 Rh2 54. Rxf4+ Kxf4 55. Kd1 Kf3 56. Kc1 e2 57. Kb1 e1=Q# 0-1

[Event "3rd ch-GER Internet Blitz Candidates"]
[Site "playchess INT"]
[Date "2005.04.02"]
[Round "6"]
[White "Schoeneberg, M."]
[Black "Buchenau, F."]
[Result "0-1"]
[WhiteElo "2326"]
[BlackElo "2345"]
[PlyCount "52"]
[EventDate "2005.04.02"]
[EventType "swiss (blitz)"]
[EventRounds "15"]
[Source "Mark Crowther"]
[SourceDate "2005.04.04"]

1. e4 e6 2. d4 d5 3. Nc3 Nf6 4. Bg5 Be7 5. exd5 exd5 6. Bd3 Bg4 7. f3 Bh5 8.
Nge2 Bg6 9. Nf4 Bxd3 10. Qxd3 c6 11. O-O-O O-O 12. h4 Nbd7 13. g4 Nb6 14. Bxf6
Bxf6 15. g5 Be7 16. g6 hxg6 17. h5 Bg5 18. Nce2 Qd6 19. Kb1 Bxf4 20. hxg6 fxg6
21. Rdg1 Rf6 22. Nxf4 Qxf4 23. Rxg6 Qf5 24. Qxf5 Rxf5 25. Rhg1 Rf7 26. c3 Re8
0-1

[Event "3rd ch-GER Internet Blitz Candidates"]
[Site "playchess INT"]
[Date "2005.04.02"]
[Round "6"]
[White "Kostic, Vl"]
[Black "Huch, R."]
[Result "1-0"]
[WhiteElo "2439"]
[BlackElo "2325"]
[PlyCount "61"]
[EventDate "2005.04.02"]
[EventType "swiss (blitz)"]
[EventRounds "15"]
[Source "Mark Crowther"]
[SourceDate "2005.04.04"]

1. e4 e6 2. d4 d5 3. Nc3 Nf6 4. Bg5 Bb4 5. e5 h6 6. Bd2 Bxc3 7. bxc3 Ne4 8. Qg4
Kf8 9. Bd3 Nxd2 10. Kxd2 c5 11. Nf3 c4 12. Be2 Nc6 13. h4 Ne7 14. Qf4 b5 15. g4
a5 16. a3 Bd7 17. h5 Kg8 18. Rag1 Be8 19. g5 Nf5 20. Nh4 hxg5 21. Rxg5 Nxh4 22.
Rxh4 Kf8 23. Rhg4 Rh7 24. h6 gxh6 25. Rg8+ Ke7 26. Qf6+ Kd7 27. R4g7 Qxf6 28.
exf6 Rxg7 29. fxg7 b4 30. cxb4 axb4 31. axb4 1-0

[Event "3rd ch-GER Internet Blitz Candidates"]
[Site "playchess INT"]
[Date "2005.04.02"]
[Round "6"]
[White "Berelovich, A."]
[Black "Rodewis, T."]
[Result "1-0"]
[WhiteElo "2542"]
[BlackElo "2364"]
[PlyCount "77"]
[EventDate "2005.04.02"]
[EventType "swiss (blitz)"]
[EventRounds "15"]
[Source "Mark Crowther"]
[SourceDate "2005.04.04"]

1. e4 c5 2. c3 d5 3. exd5 Qxd5 4. d4 Nf6 5. Be3 cxd4 6. cxd4 e6 7. a3 Nc6 8.
Nc3 Qd6 9. Nf3 Be7 10. Bd3 O-O 11. O-O b6 12. Qe2 Bb7 13. Rad1 Rad8 14. Bb1 Qb8
15. Bg5 g6 16. Rfe1 Nd5 17. Bh6 Rfe8 18. Ne4 Bf8 19. Bg5 Nce7 20. Ba2 Bg7 21.
Bxd5 Rxd5 22. Nf6+ Bxf6 23. Bxf6 Rf5 24. Be5 Bxf3 25. Qxf3 Rxf3 26. Bxb8 Rb3
27. Bf4 Nd5 28. Bh6 Rxb2 29. Rc1 Ra2 30. Rc6 Rxa3 31. Rec1 Ne7 32. Rc7 f6 33.
Rxe7 Rd8 34. h3 Rd3 35. Rcc7 R3xd4 36. Rg7+ Kf8 37. Rxh7+ Kg8 38. Rcg7+ Kf8 39.
Rh8# 1-0

[Event "3rd ch-GER Internet Blitz Candidates"]
[Site "playchess INT"]
[Date "2005.04.02"]
[Round "6"]
[White "Gaede, D."]
[Black "Womacka, M."]
[Result "0-1"]
[WhiteElo "2194"]
[BlackElo "2436"]
[PlyCount "48"]
[EventDate "2005.04.02"]
[EventType "swiss (blitz)"]
[EventRounds "15"]
[Source "Mark Crowther"]
[SourceDate "2005.04.04"]

1. d4 Nf6 2. c4 e6 3. Nc3 Bb4 4. Qc2 c5 5. dxc5 O-O 6. Nf3 Na6 7. a3 Bxc3+ 8.
Qxc3 Nxc5 9. e3 a5 10. b3 b6 11. Be2 Bb7 12. O-O Qc7 13. Rd1 d5 14. Nd4 dxc4
15. Bxc4 Ng4 16. g3 Nxf2 17. Bb2 Nxd1 18. Rxd1 e5 19. Nf5 Rad8 20. Rf1 Ne4 21.
Qxe5 Qxe5 22. Bxe5 Nd2 23. Rc1 Nf3+ 24. Kf2 Nxe5 0-1

[Event "3rd ch-GER Internet Blitz Candidates"]
[Site "playchess INT"]
[Date "2005.04.02"]
[Round "6"]
[White "Renner, Christo"]
[Black "Margoline, B."]
[Result "1-0"]
[WhiteElo "2398"]
[BlackElo "2427"]
[PlyCount "73"]
[EventDate "2005.04.02"]
[EventType "swiss (blitz)"]
[EventRounds "15"]
[Source "Mark Crowther"]
[SourceDate "2005.04.04"]

1. e4 e5 2. Nf3 Nc6 3. Bc4 Bc5 4. c3 Nf6 5. d3 d6 6. O-O a6 7. Re1 Ba7 8. Bb3
Ng4 9. Re2 O-O 10. Bg5 Qe8 11. h3 Nxf2 12. Rxf2 Bxf2+ 13. Kxf2 Kh8 14. g4 f6
15. Be3 Ne7 16. Nbd2 c6 17. Kg2 Ng6 18. Nf1 Nf4+ 19. Bxf4 exf4 20. Qd2 g5 21.
Re1 h5 22. N1h2 Kg7 23. d4 hxg4 24. hxg4 Qg6 25. e5 fxe5 26. dxe5 d5 27. Bc2
Qh6 28. e6 Bxe6 29. Qd4+ Kf7 30. Qe5 Rg8 31. Qc7+ Kf8 32. Qd6+ Kf7 33. Ne5+ Kg7
34. Qe7+ Kh8 35. Nhf3 Rae8 36. Qd6 Kg7 37. Rh1 1-0

[Event "3rd ch-GER Internet Blitz Candidates"]
[Site "playchess INT"]
[Date "2005.04.02"]
[Round "6"]
[White "Ottmann, M."]
[Black "Buchenthal, D."]
[Result "0-1"]
[WhiteElo "2142"]
[BlackElo "2258"]
[PlyCount "64"]
[EventDate "2005.04.02"]
[EventType "swiss (blitz)"]
[EventRounds "15"]
[Source "Mark Crowther"]
[SourceDate "2005.04.04"]

1. d4 Nf6 2. Nf3 g6 3. Bg5 Ne4 4. Bh4 b6 5. Nbd2 Nxd2 6. Qxd2 Bb7 7. e3 Bg7 8.
Bd3 O-O 9. O-O d6 10. c4 Nd7 11. e4 Qe8 12. Rad1 e5 13. dxe5 dxe5 14. b4 a5 15.
a3 axb4 16. axb4 Nf6 17. Bxf6 Bxf6 18. Qb2 Qe7 19. Ra1 Bg7 20. Rfd1 h6 21. Nd2
Rfd8 22. Nf1 f5 23. Ng3 Rxa1 24. Qxa1 f4 25. Nf1 Qxb4 26. Qa7 Bxe4 27. Bxe4
Rxd1 28. Qxc7 Qe1 29. Qc8+ Kh7 30. Bxg6+ Kxg6 31. Qe6+ Bf6 32. Qe8+ Kg7 0-1

[Event "3rd ch-GER Internet Blitz Candidates"]
[Site "playchess INT"]
[Date "2005.04.02"]
[Round "6"]
[White "Buscher, M."]
[Black "Kopylov, M."]
[Result "1-0"]
[WhiteElo "2305"]
[BlackElo "2430"]
[PlyCount "89"]
[EventDate "2005.04.02"]
[EventType "swiss (blitz)"]
[EventRounds "15"]
[Source "Mark Crowther"]
[SourceDate "2005.04.04"]

1. e4 Nf6 2. e5 Nd5 3. d4 d6 4. Nf3 Bg4 5. Be2 e6 6. h3 Bh5 7. O-O Nc6 8. c4
Nb6 9. exd6 cxd6 10. b3 Be7 11. Bb2 d5 12. c5 Nc8 13. Nbd2 Bf6 14. a3 O-O 15.
b4 a6 16. Ne5 Bxe2 17. Qxe2 N8e7 18. Ndf3 Nf5 19. Rfe1 g6 20. Rad1 Bg7 21. Nxc6
bxc6 22. Ne5 Qc7 23. Bc3 Rfb8 24. Qf3 Rf8 25. g4 Ne7 26. Nd3 Rfb8 27. Kg2 a5
28. Ne5 f6 29. Nd3 axb4 30. Bxb4 e5 31. Qg3 Qc8 32. dxe5 f5 33. e6 Qf8 34. Ne5
Rc8 35. Nd7 Qe8 36. g5 Qd8 37. Nf6+ Kh8 38. Qh4 h6 39. gxh6 Bf8 40. Nd7 Ng8 41.
Bc3+ Kh7 42. Nf6+ Nxf6 43. Bxf6 Qe8 44. e7 Bxh6 45. Bg5 1-0

[Event "3rd ch-GER Internet Blitz Candidates"]
[Site "playchess INT"]
[Date "2005.04.02"]
[Round "6"]
[White "Haba, P."]
[Black "Phildius, B."]
[Result "1-0"]
[WhiteElo "2525"]
[BlackElo "2312"]
[PlyCount "101"]
[EventDate "2005.04.02"]
[EventType "swiss (blitz)"]
[EventRounds "15"]
[Source "Mark Crowther"]
[SourceDate "2005.04.04"]

1. d4 b6 2. e4 Bb7 3. Bd3 e6 4. Nf3 Nc6 5. c3 Nce7 6. O-O g6 7. Re1 Bg7 8. Nbd2
f6 9. a4 a6 10. a5 b5 11. e5 f5 12. Nb3 Nh6 13. Nc5 Bd5 14. b3 O-O 15. c4 Bxf3
16. Qxf3 c6 17. Ba3 Nf7 18. Qe2 Re8 19. Nb7 Qb8 20. Nd6 Nxd6 21. Bxd6 Qb7 22.
h4 h5 23. Qf3 Kf7 24. Qg3 Bh6 25. Be2 Rg8 26. f4 Rgb8 27. Red1 Rg8 28. Qf2 Nc8
29. Bc5 Qc7 30. g3 Bf8 31. Bxf8 Rxf8 32. d5 cxd5 33. cxd5 Qa7 34. dxe6+ dxe6
35. Rac1 Ne7 36. Qxa7 Rxa7 37. Rd6 Nd5 38. Bf3 Ne7 39. Kf2 Rb8 40. b4 Rbb7 41.
Bxb7 Rxb7 42. Rxa6 Rd7 43. Rd6 Ra7 44. Rc5 Nd5 45. Rxb5 Nc3 46. Rbb6 Ne4+ 47.
Kf3 Rc7 48. Rdc6 Rd7 49. a6 Rd3+ 50. Ke2 Ra3 51. Rb7+ 1-0

[Event "3rd ch-GER Internet Blitz Candidates"]
[Site "playchess INT"]
[Date "2005.04.02"]
[Round "6"]
[White "Zwahr, P."]
[Black "Enzmann, S."]
[Result "0-1"]
[WhiteElo "2104"]
[BlackElo "2204"]
[PlyCount "80"]
[EventDate "2005.04.02"]
[EventType "swiss (blitz)"]
[EventRounds "15"]
[Source "Mark Crowther"]
[SourceDate "2005.04.04"]

1. e4 c5 2. Nf3 Nc6 3. d4 cxd4 4. Nxd4 Nf6 5. Nc3 e6 6. Ndb5 d6 7. Bf4 e5 8.
Bg5 a6 9. Na3 Be6 10. Nc4 Rc8 11. Ne3 Qb6 12. Bxf6 Qxb2 13. Ncd5 gxf6 14. Nxf6+
Kd8 15. Bd3 Qc3+ 16. Kf1 Nb4 17. Kg1 Be7 18. Nfd5 Bxd5 19. Nxd5 Nxd5 20. exd5
Qd4 21. Rb1 b5 22. Qf3 h5 23. g3 f5 24. Bxf5 Rf8 25. Qe4 Qxe4 26. Bxe4 Rc4 27.
Bd3 Rd4 28. a4 e4 29. Be2 Rd2 30. Kf1 Rxd5 31. axb5 axb5 32. Rxb5 Rxb5 33. Bxb5
d5 34. Ke2 Bc5 35. Rd1 d4 36. Bc6 d3+ 37. cxd3 Rxf2+ 38. Ke1 e3 39. d4 Bb4+ 40.
Rd2 Rxd2 0-1

[Event "3rd ch-GER Internet Blitz Candidates"]
[Site "playchess INT"]
[Date "2005.04.02"]
[Round "6"]
[White "Gramlich, S."]
[Black "Fridman, D2."]
[Result "0-1"]
[WhiteElo "2064"]
[BlackElo "2569"]
[PlyCount "56"]
[EventDate "2005.04.02"]
[EventType "swiss (blitz)"]
[EventRounds "15"]
[Source "Mark Crowther"]
[SourceDate "2005.04.04"]

1. d4 d5 2. e4 dxe4 3. Nc3 Nf6 4. f3 c5 5. Bf4 cxd4 6. Nb5 Na6 7. Qxd4 Qxd4 8.
Nxd4 Bd7 9. O-O-O Nb4 10. Nb5 Rc8 11. Nxa7 Rxc2+ 12. Kb1 Rc5 13. Be3 Rd5 14.
Rc1 Ra5 15. Bb6 Rxa2 16. Nb5 Nfd5 17. Bc4 Nxb6 18. Bxa2 Bxb5 19. fxe4 Bd3+ 20.
Ka1 Bxe4 21. Nf3 e6 22. Nd4 Be7 23. Rc7 Bd6 24. Rc3 O-O 25. Re1 Bg6 26. Bb1
N4d5 27. Rcc1 Ra8+ 28. Ba2 Nb4 0-1

[Event "3rd ch-GER Internet Blitz Candidates"]
[Site "playchess INT"]
[Date "2005.04.02"]
[Round "6"]
[White "Schmidt, Ha"]
[Black "Hoffmann, L."]
[Result "1-0"]
[WhiteElo "2368"]
[BlackElo "2157"]
[PlyCount "47"]
[EventDate "2005.04.02"]
[EventType "swiss (blitz)"]
[EventRounds "15"]
[Source "Mark Crowther"]
[SourceDate "2005.04.04"]

1. e4 c5 2. Nf3 e6 3. d4 cxd4 4. c3 d3 5. Bxd3 Nc6 6. O-O Nf6 7. c4 d6 8. Nc3
Be7 9. b3 O-O 10. Bb2 Nd7 11. Rc1 a6 12. Qd2 Bf6 13. Rfd1 Nde5 14. Be2 Nxf3+
15. Bxf3 Bd4 16. Ba3 e5 17. Ne2 Be6 18. Nxd4 Nxd4 19. Be2 Qb6 20. c5 Nxe2+ 21.
Qxe2 Qb5 22. Qb2 dxc5 23. Qxe5 b6 24. Bb2 1-0

[Event "3rd ch-GER Internet Blitz Candidates"]
[Site "playchess INT"]
[Date "2005.04.02"]
[Round "6"]
[White "Zumsande, M."]
[Black "Reich, T."]
[Result "1-0"]
[WhiteElo "2381"]
[BlackElo "2406"]
[PlyCount "79"]
[EventDate "2005.04.02"]
[EventType "swiss (blitz)"]
[EventRounds "15"]
[Source "Mark Crowther"]
[SourceDate "2005.04.04"]

1. e4 d6 2. d4 Nf6 3. Nc3 g6 4. f4 Bg7 5. Nf3 c5 6. Bb5+ Nc6 7. dxc5 Qa5 8. O-O
O-O 9. cxd6 Qb6+ 10. Kh1 Nxe4 11. Bxc6 Nxc3 12. bxc3 Qxc6 13. dxe7 Re8 14. Ba3
Qxc3 15. Qd6 Be6 16. Ng5 Bc4 17. Rfe1 Qxc2 18. Rac1 Qd3 19. Qb4 b5 20. Rcd1 a5
21. Qc5 Qf5 22. Qc7 Qc8 23. Qxc8 Raxc8 24. Ne4 b4 25. Nd6 Bf6 26. Nxc8 bxa3 27.
Rd8 Rxd8 28. exd8=Q+ Bxd8 29. Re8+ Kg7 30. Rxd8 Bxa2 31. Rd3 Be6 32. Nb6 a2 33.
Ra3 Kf6 34. Rxa5 Ke7 35. Ra3 Kd6 36. Na4 Kd5 37. Nc3+ Kd4 38. Nxa2 Ke4 39. Ra4+
Ke3 40. Kg1 1-0

[Event "3rd ch-GER Internet Blitz Candidates"]
[Site "playchess INT"]
[Date "2005.04.02"]
[Round "6"]
[White "Zimmermann, J."]
[Black "Koepke, C."]
[Result "1-0"]
[WhiteElo "2335"]
[BlackElo "2226"]
[PlyCount "97"]
[EventDate "2005.04.02"]
[EventType "swiss (blitz)"]
[EventRounds "15"]
[Source "Mark Crowther"]
[SourceDate "2005.04.04"]

1. e4 d5 2. exd5 Qxd5 3. Nc3 Qe5+ 4. Be2 c6 5. d4 Qc7 6. Nf3 Bf5 7. Bd3 Bxd3 8.
Qxd3 e6 9. O-O Nf6 10. Re1 Be7 11. Ne5 Nbd7 12. Qg3 O-O 13. Bh6 Nh5 14. Qg4
Ndf6 15. Qg5 Kh8 16. g4 gxh6 17. Qxh6 Ng7 18. Re3 Ng8 19. Qf4 Bd6 20. Ne4 Bxe5
21. dxe5 f5 22. Ng5 Qe7 23. Nxh7 Kxh7 24. Rh3+ Kg6 25. Rd1 Qg5 26. Qb4 Qxg4+
27. Rg3 Qxg3+ 28. hxg3 Rfd8 29. Rxd8 Rxd8 30. Qxb7 Nh6 31. Qxc6 Ng4 32. Qc3 Rd5
33. b4 Nxe5 34. a4 Nh5 35. b5 Nf6 36. f3 Rd1+ 37. Kg2 Nf7 38. Qe3 Nd5 39. Qxe6+
Kg7 40. c4 Rd2+ 41. Kf1 Nc3 42. Qxf5 Rd1+ 43. Kf2 Rd2+ 44. Ke3 Re2+ 45. Kd3
Re3+ 46. Kxe3 Nd1+ 47. Kf4 Nf2 48. c5 Nd3+ 49. Qxd3 1-0

[Event "3rd ch-GER Internet Blitz Candidates"]
[Site "playchess INT"]
[Date "2005.04.02"]
[Round "6"]
[White "Wornath, K."]
[Black "Schunk, T1."]
[Result "1/2-1/2"]
[WhiteElo "2388"]
[BlackElo "2280"]
[PlyCount "103"]
[EventDate "2005.04.02"]
[EventType "swiss (blitz)"]
[EventRounds "15"]
[Source "Mark Crowther"]
[SourceDate "2005.04.04"]

1. g3 g6 2. Bg2 Bg7 3. Nf3 e5 4. O-O f5 5. d4 e4 6. Ne5 d6 7. Nc4 Nf6 8. b3 Be6
9. Bb2 Bxc4 10. bxc4 c6 11. d5 c5 12. Nd2 O-O 13. f3 e3 14. Nb3 Nbd7 15. Qd3
Re8 16. f4 Ng4 17. Bxg7 Kxg7 18. Rf3 Qf6 19. Rb1 Nf2 20. Rxf2 exf2+ 21. Kf1 Qe7
22. Kxf2 Nf6 23. Bf3 Ne4+ 24. Kg2 Qf6 25. Nd2 b6 26. Bxe4 fxe4 27. Nxe4 Qe7 28.
Nc3 Qe3 29. Rf1 Qd4 30. e4 Re7 31. Rd1 Qf6 32. h4 Rae8 33. Re1 h6 34. a4 g5 35.
hxg5 hxg5 36. e5 dxe5 37. Ne4 Qg6 38. fxg5 Rh8 39. d6 Rf7 40. Rf1 Rxf1 41. Kxf1
Qf5+ 42. Kg1 Qh3 43. Nf2 Qh2+ 44. Kf1 Rf8 45. Qe3 Qh3+ 46. Ke2 Qh5+ 47. g4 Qh2
48. c3 Rd8 49. Qd3 Rf8 50. Qe3 Rd8 51. Qd3 Rf8 52. Qe3 1/2-1/2

[Event "3rd ch-GER Internet Blitz Candidates"]
[Site "playchess INT"]
[Date "2005.04.02"]
[Round "6"]
[White "Krivoshey, S."]
[Black "Muse, D."]
[Result "0-1"]
[WhiteElo "2487"]
[BlackElo "2418"]
[PlyCount "74"]
[EventDate "2005.04.02"]
[EventType "swiss (blitz)"]
[EventRounds "15"]
[Source "Mark Crowther"]
[SourceDate "2005.04.04"]

1. Nf3 d5 2. d4 c6 3. c4 Nf6 4. e3 a6 5. Nc3 b5 6. b3 Bg4 7. h3 Bh5 8. g4 Bg6
9. Ne5 Nfd7 10. cxd5 cxd5 11. Nxd5 e6 12. Nxd7 Nxd7 13. Nf4 Be4 14. Bg2 Bxg2
15. Nxg2 h5 16. O-O hxg4 17. hxg4 Nf6 18. f4 Rc8 19. Bd2 Ne4 20. Be1 Ba3 21. b4
Bb2 22. Rb1 Bc3 23. Rc1 Rc4 24. Qd3 Rxd4 25. Qxe4 Rxe4 26. Bxc3 Rc4 27. Bxg7
Rxc1 28. Rxc1 Rg8 29. Bd4 Rxg4 30. Kf2 Qd5 31. Ne1 Qxa2+ 32. Rc2 Qb3 33. Be5
Rh4 34. Rc8+ Kd7 35. Rc7+ Kd8 36. Nf3 Rh3 37. Rxf7 Qc2+ 0-1

[Event "3rd ch-GER Internet Blitz Candidates"]
[Site "playchess INT"]
[Date "2005.04.02"]
[Round "6"]
[White "Peschlow, P."]
[Black "Polaczek, R."]
[Result "1-0"]
[WhiteElo "2318"]
[BlackElo "2426"]
[PlyCount "147"]
[EventDate "2005.04.02"]
[EventType "swiss (blitz)"]
[EventRounds "15"]
[Source "Mark Crowther"]
[SourceDate "2005.04.04"]

1. e4 Nf6 2. e5 Nd5 3. d4 d6 4. c4 Nb6 5. exd6 exd6 6. Nc3 Be7 7. Bd3 O-O 8.
Nge2 Bg4 9. b3 Bh5 10. Be3 Bg6 11. O-O Nc6 12. Nf4 Bf6 13. Nxg6 hxg6 14. Be4
Re8 15. Qd2 Qd7 16. Rfe1 Rab8 17. Bf3 Ne7 18. a4 Nf5 19. Ne4 Nh4 20. Nxf6+ gxf6
21. Be2 Qf5 22. Qd3 Nd7 23. b4 c6 24. b5 d5 25. c5 Qxd3 26. Bxd3 g5 27. Reb1
Nf8 28. g3 Nhg6 29. Ra2 Ne6 30. Rab2 Rbc8 31. bxc6 bxc6 32. Rb7 a5 33. Ra7 Ne7
34. Rxa5 f5 35. f4 gxf4 36. gxf4 Rb8 37. Rxb8 Rxb8 38. Kf2 Ng6 39. Bxf5 Rb2+
40. Kg3 Rb3 41. Kf2 Nh4 42. Bxe6 fxe6 43. Ra8+ Kf7 44. a5 Rb2+ 45. Kg3 Nf5+ 46.
Kf3 Rb3 47. a6 Rxe3+ 48. Kg4 Ra3 49. a7 Kg7 50. Kg5 Nh6 51. h4 Nf7+ 52. Kh5 Ra4
53. Kg4 Ra1 54. h5 Rg1+ 55. Kf3 Ra1 56. Kg4 Ra3 57. f5 exf5+ 58. Kxf5 Ra4 59.
Ke6 Ra6 60. h6+ Nxh6 61. Kd6 Nf5+ 62. Kc7 Nxd4 63. Kb7 Ra4 64. Rd8 Rxa7+ 65.
Kxa7 Kf7 66. Kb6 Ke7 67. Rh8 Kd7 68. Rh4 Ne6 69. Rh7+ Ke8 70. Kxc6 Nd4+ 71.
Kxd5 Nf5 72. Ke6 Nd4+ 73. Kd5 Nf5 74. c6 1-0

[Event "3rd ch-GER Internet Blitz Candidates"]
[Site "playchess INT"]
[Date "2005.04.02"]
[Round "6"]
[White "Drabke, L."]
[Black "Vuckovic, Alek"]
[Result "0-1"]
[WhiteElo "2456"]
[BlackElo "2325"]
[PlyCount "122"]
[EventDate "2005.04.02"]
[EventType "swiss (blitz)"]
[EventRounds "15"]
[Source "Mark Crowther"]
[SourceDate "2005.04.04"]

1. e4 c5 2. Nf3 Nc6 3. Bb5 g6 4. Bxc6 dxc6 5. d3 Bg7 6. h3 e5 7. Be3 b6 8. Qd2
Qe7 9. Nc3 Nf6 10. Bh6 O-O 11. O-O-O Re8 12. Ne2 Bh8 13. g4 Ba6 14. Ng3 Rad8
15. Qc3 Qe6 16. Kb1 c4 17. Ng5 Qd6 18. Kc1 cxd3 19. cxd3 c5 20. Rhg1 Qd4 21.
Qxd4 Rxd4 22. Nf5 Rd7 23. Kc2 Red8 24. Rg3 Ne8 25. b3 f6 26. Ne6 Rc8 27. Ne3
Kf7 28. Nf8 Rd6 29. Nd5 Bg7 30. Bxg7 Kxg7 31. Nxg6 hxg6 32. h4 Nc7 33. Ne7 Re8
34. Nf5+ gxf5 35. gxf5+ Kf8 36. Rdg1 Ke7 37. Rg7+ Kd8 38. Rf7 Bxd3+ 39. Kc3
Bxe4 40. Rgg7 Rc6 41. h5 Bxf5 42. h6 Nd5+ 43. Kb2 Rc7 44. Rxc7 Nxc7 45. h7 Ne6
46. Rg8 Bxh7 47. Rg1 Bf5 48. Rd1+ Ke7 49. Ka3 Rd8 50. Re1 Rd4 51. f4 Nxf4 52.
Rh1 Nd3 53. Rh8 Ke6 54. Ra8 e4 55. Rxa7 e3 56. Ra6 Rd6 57. Rxb6 e2 58. Rxd6+
Kxd6 59. Ka4 e1=Q 60. Kb5 Qb4+ 61. Ka6 Bc8+ 0-1

[Event "3rd ch-GER Internet Blitz Candidates"]
[Site "playchess INT"]
[Date "2005.04.02"]
[Round "7"]
[White "Buchenau, F."]
[Black "Zimmermann, J."]
[Result "1-0"]
[WhiteElo "2345"]
[BlackElo "2335"]
[PlyCount "47"]
[EventDate "2005.04.02"]
[EventType "swiss (blitz)"]
[EventRounds "15"]
[Source "Mark Crowther"]
[SourceDate "2005.04.04"]

1. e4 c5 2. b3 b6 3. g3 Bb7 4. Bg2 Nf6 5. d3 d6 6. Bb2 e6 7. f4 Be7 8. Nf3 d5
9. e5 Nfd7 10. O-O d4 11. c4 dxc3 12. Nxc3 O-O 13. d4 cxd4 14. Nxd4 Bxg2 15.
Kxg2 Qc7 16. Ncb5 Qb7+ 17. Qf3 Qxf3+ 18. Rxf3 Na6 19. Nc6 Bc5 20. a3 Rfe8 21.
b4 Bf8 22. Rd3 Nab8 23. Ncxa7 Rc8 24. Nxc8 1-0

[Event "3rd ch-GER Internet Blitz Candidates"]
[Site "playchess INT"]
[Date "2005.04.02"]
[Round "7"]
[White "Heinzel, O."]
[Black "Boettcher, C."]
[Result "0-1"]
[WhiteElo "2402"]
[BlackElo "2166"]
[PlyCount "66"]
[EventDate "2005.04.02"]
[EventType "swiss (blitz)"]
[EventRounds "15"]
[Source "Mark Crowther"]
[SourceDate "2005.04.04"]

1. d4 d6 2. Nf3 Nd7 3. Bf4 g6 4. e3 Bg7 5. h3 e5 6. Bh2 Qe7 7. Be2 f5 8. O-O
Ngf6 9. Re1 O-O 10. a4 c6 11. c3 h6 12. a5 Rb8 13. Na3 Kh7 14. Nc4 Ne8 15. dxe5
dxe5 16. Qa4 Nd6 17. Nxd6 Qxd6 18. Rad1 Qe7 19. a6 b5 20. Qa2 Rb6 21. c4 Rxa6
22. Qb1 b4 23. Rd2 c5 24. Red1 Rff6 25. Bf1 Rad6 26. Qa1 Ra6 27. Qb1 Rfd6 28.
b3 Rxd2 29. Rxd2 e4 30. Ne1 Ra1 31. Qc2 Rxe1 32. Bd6 Qf6 33. Rd5 Qa1 0-1